[Event "Online Olym Div3 B 2020"]
[Site "chess.com INT"]
[Date "2020.07.08"]
[Round "4.3"]
[Board "2"]
[White "Liu, Yeh Yang"]
[Black "Murad, Abdulla"]
[Result "1-0"]
[WhiteElo "1988"]
[BlackElo "1872"]
[WhiteTeam "Chinese Taipei"]
[BlackTeam "United Arab Emirates"]
[WhiteFideId "16300416"]
[BlackFideId "9300970"]
[EventDate "2020.07.07"]
[EventType "team"]

1. e4 c6 2. d4 d5 3. Nc3 dxe4 4. Nxe4 Bf5 5. Ng3 Bg6 6. N1e2 e6 7. Nf4 Ne7 8. h4
h6 9. Bc4 Nd7 10. c3 Nb6 11. Bb3 Nbd5 12. Qe2 Nxf4 13. Bxf4 Nd5 14. Bxd5 cxd5
15. h5 Bh7 16. Be5 Rg8 17. O-O Bd6 18. Rfe1 Bxe5 19. Qxe5 Qd7 20. c4 dxc4 21. d5
O-O-O 22. dxe6 Qxe6 23. Qc5+ Qc6 24. Qxa7 Rge8 25. Qa8+ Kc7 26. Qa5+ Kc8 27. Nf5
Rxe1+ 28. Rxe1 Bxf5 29. Qxf5+ Qd7 30. Qc5+ Qc7 31. Qb4 Kb8 32. a4 Rd5 33. Qf8+
Ka7 34. Qxg7 Rxh5 35. Qd4+ Ka6 36. g3 Qc6 37. Re4 Qxa4 38. Qf6+ Ka7 39. Qd4+ Ka6
40. Kg2 Qb5 41. Qf6+ Ka7 42. Qxf7 Rf5 43. Qxc4 Qxb2 44. Qa4+ Kb8 45. Qe8+ Ka7
46. Ra4+ Kb6 47. Qe6+ Kb5 48. Qxf5+ Kxa4 49. Qf4+ Ka3 50. Qxh6 b5 51. Qa6+ Kb4
52. Qc6 Ka3 53. Qa8+ Kb3 54. Qd5+ Ka4 55. g4 b4 56. g5 Qg7 57. Qa2+ Kb5 58. f4
Qd4 59. Qe2+ Ka4 60. Qa6+ Kb3 61. Kf3 Qc3+ 62. Kg4 Kc2 63. Qe2+ Kc1 64. Qf1+ Kc2
65. Qf2+ Kc1 66. f5 b3 67. Qf4+ Kd1 68. Qf1+ Kc2 69. f6 b2 70. Qf5+ Kb3 71. f7
Qb4+ 72. Kh5 Qf8 73. Kg6 Ka2 74. Qa5+ Kb1 75. Kf6 Kc1 76. Qc3+ Kd1 77. Qxb2 Qh8+
78. Kg6 Qxb2 79. f8=Q Ke2 80. Qe7+ Kd3 81. Kh7 Qh2+ 82. Kg7 Qb2+ 83. Kg8 Qb3+
84. Qf7 Qb5 85. g6 Qg5 86. Qe8 Kd4 87. Qd7+ Ke3 88. g7 Kf3 89. Qd3+ Kf2 90. Qd7
Kf3 91. Kf8 Qc5+ 92. Qe7 Qc8+ 93. Kf7 Qc4+ 94. Qe6 Qc7+ 95. Kf8 Qd8+ 96. Kf7
Qc7+ 97. Kg6 Qg3+ 98. Kh7 Qh4+ 99. Qh6 Qe4+ 100. Qg6 Qh4+ 101. Kg8 Qd8+ 102. Kf7
Qd7+ 103. Kf8 Qd8+ 104. Qe8 Qd6+ 105. Qe7 Qb8+ 106. Kf7 Qb3+ 107. Qe6 Qb7+ 108.
Kg6 Kg3 109. g8=Q Qb1+ 110. Kh5+ Kh2 111. Qe2+ Kh1 112. Qgg2# 1-0

[Event "Online Olym Div3 B 2020"]
[Site "chess.com INT"]
[Date "2020.07.08"]
[Round "4.3"]
[Board "3"]
[White "Almaini, Aishah Sarhan"]
[Black "Shih, Ching-An"]
[Result "1/2-1/2"]
[BlackTitle "WFM"]
[WhiteElo "1607"]
[BlackElo "1582"]
[WhiteTeam "United Arab Emirates"]
[BlackTeam "Chinese Taipei"]
[WhiteFideId "9307214"]
[BlackFideId "16300653"]
[EventDate "2020.07.07"]
[EventType "team"]

1. d4 d5 2. c4 c6 3. Nc3 Nf6 4. e3 e6 5. Nf3 Nbd7 6. Be2 Be7 7. O-O O-O 8. Qc2
Re8 9. e4 dxe4 10. Nxe4 Nxe4 11. Qxe4 Nf6 12. Qc2 c5 13. dxc5 Bxc5 14. Bg5 h6
15. Bf4 Bd7 16. Rad1 Qb6 17. Ne5 Rad8 18. a3 a5 19. Bf3 Bc8 20. Rxd8 Rxd8 21.
Rd1 Rxd1+ 22. Bxd1 Nd7 23. Nd3 Bd4 24. Bf3 Nc5 25. Nxc5 Qxc5 26. a4 Qb4 27. Bd2
Qc5 28. Be1 b6 29. b3 e5 30. Be4 Bd7 31. Kf1 Kf8 32. f3 Qd6 33. Bc3 Ke7 34. Ke2
g6 35. Qd2 Bxc3 36. Qxc3 f5 37. Bd5 Be6 38. Bxe6 Kxe6 39. Qe3 h5 40. h4 Qc5 41.
Qg5 Kf7 42. Qd2 Ke6 43. Qg5 Kf7 44. Qd2 Qc6 45. Qd5+ Qxd5 46. cxd5 Ke7 47. Kd3
Kd6 48. Kc4 f4 49. Kb5 Kxd5 50. Kxb6 e4 51. fxe4+ Kxe4 52. Kxa5 Ke3 53. b4 Kf2
54. b5 Kxg2 55. b6 f3 56. b7 f2 57. b8=Q f1=Q 58. Qb4 Kg3 59. Qd4 1/2-1/2

[Event "Online Olym Div3 B 2020"]
[Site "chess.com INT"]
[Date "2020.07.08"]
[Round "4.3"]
[Board "4"]
[White "Chen, Chi"]
[Black "Mariam, Essa"]
[Result "1-0"]
[WhiteElo "1588"]
[BlackElo "1561"]
[WhiteTeam "Chinese Taipei"]
[BlackTeam "United Arab Emirates"]
[WhiteFideId "16301633"]
[BlackFideId "9306480"]
[EventDate "2020.07.07"]
[EventType "team"]

1. d4 Nf6 2. Nf3 g6 3. c4 Bg7 4. Nc3 d6 5. e4 O-O 6. h3 Nbd7 7. Bd3 c5 8. d5 a6
9. O-O Rb8 10. a4 Nb6 11. Bf4 Nfd7 12. Qd2 Re8 13. Bh6 Bh8 14. Rfe1 Ne5 15. Nxe5
Bxe5 16. Bf4 Bg7 17. e5 dxe5 18. Bxe5 f6 19. Bxb8 e5 20. Ba7 Nd7 21. Ne4 Qc7 22.
a5 f5 23. Ng3 e4 24. Bxe4 fxe4 25. Rxe4 Rf8 26. Re7 Bd4 27. Qh6 Bxf2+ 28. Kh1
Rf7 29. Rxf7 Kxf7 30. Qxh7+ Kf8 31. Ne4 Bd4 32. Rf1+ Ke8 33. Qxg6+ Kd8 34. Qg8+
Ke7 35. Rf7# 1-0

[Event "Online Olym Div3 B 2020"]
[Site "chess.com INT"]
[Date "2020.07.08"]
[Round "4.3"]
[Board "5"]
[White "Ammar, Sedrani"]
[Black "Wang, Ting-Hao"]
[Result "1-0"]
[WhiteTitle "FM"]
[WhiteElo "2274"]
[BlackElo "1737"]
[WhiteTeam "United Arab Emirates"]
[BlackTeam "Chinese Taipei"]
[WhiteFideId "9312331"]
[BlackFideId "16300602"]
[EventDate "2020.07.07"]
[EventType "team"]

1. d4 Nf6 2. Bg5 Ne4 3. Bf4 d5 4. Nd2 Nxd2 5. Qxd2 e6 6. e3 c5 7. c3 Nc6 8. Nf3
Bd6 9. Bg3 c4 10. b3 b5 11. a4 Na5 12. bxc4 Bxg3 13. hxg3 Nb3 14. Qb2 Nxa1 15.
cxb5 Qa5 16. Qxa1 a6 17. Qb2 Qxa4 18. Bd3 Kf8 19. b6 Rb8 20. O-O Qa5 21. Rb1 f6
22. e4 Bd7 23. exd5 exd5 24. c4 dxc4 25. Bxc4 Bb5 26. Ra1 Qxb6 27. Qb4+ Ke8 28.
Re1+ 1-0

[Event "Online Olym Div3 B 2020"]
[Site "chess.com INT"]
[Date "2020.07.08"]
[Round "4.3"]
[Board "6"]
[White "Tsai, Sophie Yi-Hsuan"]
[Black "Fatima, Saif Al-Ali"]
[Result "0-1"]
[BlackTitle "WCM"]
[WhiteElo "1131"]
[BlackElo "1354"]
[WhiteTeam "Chinese Taipei"]
[BlackTeam "United Arab Emirates"]
[WhiteFideId "16302087"]
[BlackFideId "9312420"]
[EventDate "2020.07.07"]
[EventType "team"]

1. e4 c6 2. d4 d5 3. exd5 cxd5 4. Nc3 Nc6 5. Bf4 Nf6 6. Nb5 e5 7. dxe5 Ne4 8.
Nf3 a6 9. Nbd4 Qb6 10. Be2 Bc5 11. Be3 Qxb2 12. O-O Nc3 13. Bc1 Nxd1 14. Bxb2
Nxb2 15. Nxc6 bxc6 16. Rab1 Rb8 17. Ne1 O-O 18. Nd3 Bd4 19. Rfc1 Nxd3 20. Bxd3
Rxb1 21. Rxb1 Be6 22. Bxa6 Bxe5 23. a4 Ra8 24. Bb7 Rb8 25. a5 Bc8 26. a6 Bxb7
27. axb7 Kf8 28. Kf1 Ke7 29. Re1 Kd6 30. Rb1 Kc7 31. h3 Rxb7 32. Rxb7+ Kxb7 33.
Ke2 Kb6 34. Kd3 Kc5 35. g3 Bd4 36. f3 Bf2 37. g4 Bg3 38. c3 h6 39. Kd2 Kc4 40.
Kc2 Be5 41. Kd2 Bxc3+ 42. Kc2 Be5 43. Kd2 Kb3 44. Kc1 c5 45. Kd1 c4 46. Ke2 c3
47. f4 Bxf4 48. g5 c2 49. h4 c1=Q 50. h5 Qe3+ 51. Kf1 Bg3 52. Kg2 Qf2+ 53. Kh3
Bf4 54. Kg4 Qg3+ 55. Kf5 Qxg5# 0-1

[Event "Online Olym Div3 B 2020"]
[Site "chess.com INT"]
[Date "2020.07.08"]
[Round "4.4"]
[Board "1"]
[White "Miguel, Sergio"]
[Black "Oatlhotse, Providence"]
[Result "0-1"]
[WhiteTitle "FM"]
[BlackTitle "IM"]
[WhiteElo "2377"]
[BlackElo "2190"]
[WhiteTeam "Angola"]
[BlackTeam "Botswana"]
[WhiteFideId "10100792"]
[BlackFideId "11300507"]
[EventDate "2020.07.07"]
[EventType "team"]

1. e4 c5 2. Nf3 e6 3. d4 cxd4 4. Nxd4 Nf6 5. Nc3 d6 6. Be3 a6 7. Be2 Be7 8. O-O
O-O 9. f4 Qc7 10. g4 Nc6 11. g5 Nd7 12. Qe1 Nxd4 13. Bxd4 b5 14. a3 Bb7 15. Qg3
d5 16. exd5 Bc5 17. Rad1 exd5 18. f5 Qxg3+ 19. hxg3 Bxd4+ 20. Rxd4 Nb6 21. Rfd1
g6 22. Bd3 Rae8 23. Kf2 Re5 24. Rh1 f6 25. gxf6 Rxf6 26. g4 Nc4 27. g5 Rf7 28.
Bxc4 Rfxf5+ 29. Kg3 Rxg5+ 30. Rg4 dxc4 31. Rd1 Re3+ 32. Kf4 Rge5 33. Rd8+ Re8
34. Rg3 Re7 35. Rd4 Rf7+ 36. Kg4 Bc8+ 37. Kh4 Rf5 38. Rg5 Rf3 39. Rg3 Rf2 40.
Ne4 Rf4+ 41. Kg5 Rfxe4 42. Rxe4 Rxe4 43. Kf6 Re6+ 44. Kg5 Re5+ 45. Kf6 Rf5+ 46.
Ke7 Rf7+ 47. Kd6 Bf5 48. c3 h5 49. a4 bxa4 50. Kc5 Bd3 51. Kb4 Rb7+ 52. Kxa4
Rxb2 53. Ka5 Rb3 54. Kxa6 Rxc3 55. Ka5 Rb3 56. Ka4 Kg7 0-1

[Event "Online Olym Div3 B 2020"]
[Site "chess.com INT"]
[Date "2020.07.08"]
[Round "4.4"]
[Board "2"]
[White "Olebile, Thato"]
[Black "Silva, David"]
[Result "1-0"]
[WhiteTitle "FM"]
[BlackTitle "IM"]
[WhiteElo "2071"]
[BlackElo "2258"]
[WhiteTeam "Botswana"]
[BlackTeam "Angola"]
[WhiteFideId "11300760"]
[BlackFideId "10101314"]
[EventDate "2020.07.07"]
[EventType "team"]

1. d4 Nf6 2. c4 g6 3. Nc3 Bg7 4. Nf3 O-O 5. Bf4 d6 6. e3 Nbd7 7. Be2 Re8 8. h3
h6 9. O-O c6 10. Rc1 a5 11. a3 Nh5 12. Bh2 Nhf6 13. b4 axb4 14. axb4 Nf8 15. c5
Bf5 16. cxd6 exd6 17. b5 Ne4 18. bxc6 bxc6 19. Nxe4 Bxe4 20. Nd2 Bd5 21. Bf3 1-0

[Event "Online Olym Div3 B 2020"]
[Site "chess.com INT"]
[Date "2020.07.08"]
[Round "4.4"]
[Board "3"]
[White "Caxita, Esperanca"]
[Black "Francis, Onkemetse"]
[Result "0-1"]
[WhiteTitle "WIM"]
[BlackTitle "WIM"]
[WhiteElo "1882"]
[BlackElo "1781"]
[WhiteTeam "Angola"]
[BlackTeam "Botswana"]
[WhiteFideId "10100903"]
[BlackFideId "11301287"]
[EventDate "2020.07.07"]
[EventType "team"]

1. e4 d5 2. exd5 Qxd5 3. Nc3 Qd8 4. Nf3 Nf6 5. d4 Bg4 6. Be2 e6 7. O-O Be7 8.
Be3 O-O 9. a3 c6 10. Ne5 Bxe2 11. Qxe2 Nbd7 12. Rad1 Nb6 13. Qf3 Nbd5 14. Bd2
Nxc3 15. Bxc3 Qd5 16. Qxd5 Nxd5 17. Bd2 Rfd8 18. c3 Bf6 19. Rfe1 Rac8 20. Ng4
Be7 21. Ne5 Nb6 22. Bc1 Rd5 23. Re4 Bf6 0-1

[Event "Online Olym Div3 B 2020"]
[Site "chess.com INT"]
[Date "2020.07.08"]
[Round "4.4"]
[Board "4"]
[White "Besa, Masaiti"]
[Black "Junior, Ednasia"]
[Result "1-0"]
[WhiteTitle "WFM"]
[BlackTitle "WFM"]
[WhiteElo "1768"]
[BlackElo "1808"]
[WhiteTeam "Botswana"]
[BlackTeam "Angola"]
[WhiteFideId "11310570"]
[BlackFideId "10105980"]
[EventDate "2020.07.07"]
[EventType "team"]

1. c4 Nf6 2. Nf3 d5 3. cxd5 Nxd5 4. g3 Nc6 5. Nc3 Bf5 6. Bg2 e6 7. Qa4 Nb6 8.
Qb5 a6 9. Qb3 Be7 10. O-O O-O 11. d3 Qd7 12. Bf4 Rfd8 13. Rac1 Kh8 14. Rfd1 Bg4
15. Ne5 Nxe5 16. Bxe5 f6 17. Bxc7 Qxc7 18. Nd5 Qd6 19. Nxb6 Rab8 20. Rc2 e5 21.
Nc4 Qd7 22. Rdc1 Be6 23. Qc3 Rdc8 24. Qa5 Bd8 25. Nb6 Rxc2 26. Rxc2 Qb5 27. Qxb5
axb5 28. Nd5 g6 29. a3 f5 30. Nc3 Bd7 31. Nd5 Kg7 32. Nb6 Be6 33. Bd5 Bxd5 34.
Nxd5 Kf7 35. Rc5 Ke6 36. Rxb5 Kd6 37. Nc3 b6 38. Kg2 Bc7 39. Kf3 Ra8 40. Rd5+
Ke6 41. Rb5 Kd6 42. Nd5 Bd8 43. Nc3 Ke6 44. Ke3 Kd6 45. Kd2 Bg5+ 46. Kc2 Bd8 47.
Rd5+ Ke6 48. Rb5 Kd6 49. Kb3 Ke6 50. Na4 Ra6 51. Nc3 Kd6 52. Kc4 Ra8 53. Rd5+
Ke6 54. Rb5 Kd6 55. e3 Rc8+ 56. Kb3 Bf6 57. Rxb6+ Ke7 58. Nd5+ Kd7 59. Nxf6+ Kc7
60. Nd5+ 1-0

[Event "Online Olym Div3 B 2020"]
[Site "chess.com INT"]
[Date "2020.07.08"]
[Round "4.4"]
[Board "5"]
[White "Lutuima, Amaro"]
[Black "Elias Thabo"]
[Result "0-1"]
[WhiteTitle "CM"]
[BlackTitle "CM"]
[WhiteElo "2050"]
[BlackElo "1807"]
[WhiteTeam "Angola"]
[BlackTeam "Botswana"]
[WhiteFideId "10106863"]
[BlackFideId "11312610"]
[EventDate "2020.07.07"]
[EventType "team"]

1. e4 d6 2. d4 Nf6 3. Bd3 e5 4. Ne2 Be7 5. f3 c6 6. c4 Qc7 7. d5 Nbd7 8. Be3 Nc5
9. Bc2 a5 10. Nbc3 cxd5 11. cxd5 Bd7 12. Rc1 b5 13. O-O O-O 14. Ng3 g6 15. f4
Ng4 16. Qf3 Nxe3 17. Qxe3 Qd8 18. Rce1 Bf6 19. f5 b4 20. Nce2 Bg5 21. Qf3 Bf6
22. Nh1 Bb5 23. Nf2 Bh8 24. Ng4 Qg5 25. Rf2 Rac8 26. Ng3 h5 27. Ne3 Bd3 28. Ngf1
Bxc2 29. Rxc2 Nd3 30. Rxc8 Rxc8 31. Rd1 Nxb2 32. Rd2 Na4 33. fxg6 fxg6 34. Rf2
Qe7 35. Qh3 Rd8 36. g4 Qg5 37. Rg2 h4 38. Rf2 Bf6 39. Qf3 Rf8 40. Qe2 Nc3 41.
Qc4 Be7 42. Rxf8+ Bxf8 43. a3 Qf4 44. axb4 axb4 45. Qxb4 Ne2+ 46. Kg2 Nd4 47.
Qb1 Qf3+ 0-1

[Event "Online Olym Div3 B 2020"]
[Site "chess.com INT"]
[Date "2020.07.08"]
[Round "4.4"]
[Board "6"]
[White "Marape, Naledi"]
[Black "Paulo, Jemima"]
[Result "0-1"]
[WhiteTitle "WFM"]
[WhiteElo "1689"]
[BlackElo "1599"]
[WhiteTeam "Botswana"]
[BlackTeam "Angola"]
[WhiteFideId "11310880"]
[BlackFideId "10110836"]
[EventDate "2020.07.07"]
[EventType "team"]

1. e4 c5 2. Nf3 d6 3. d4 cxd4 4. Nxd4 Nf6 5. Nc3 g6 6. Be2 Bg7 7. Be3 O-O 8. Qd2
Nc6 9. f3 d5 10. exd5 Nxd5 11. Nxc6 bxc6 12. Bd4 e5 13. Bc5 Be6 14. Bxf8 Qxf8
15. Nxd5 cxd5 16. O-O Rc8 17. c3 Rb8 18. Rab1 Qd8 19. Kh1 d4 20. a3 Bb3 21. Bd1
Bc4 22. Re1 Qh4 23. Be2 Bh6 24. Qc2 d3 25. Bxd3 Bxd3 26. Qxd3 Rxb2 27. Rxe5 Bf4
28. Re8+ Kg7 29. Qd4+ Kh6 0-1

[Event "Online Olym Div3 B 2020"]
[Site "chess.com INT"]
[Date "2020.07.08"]
[Round "4.5"]
[Board "1"]
[White "Gurbanov, Andrei"]
[Black "Sousa, Andre Ventura"]
[Result "1-0"]
[WhiteTitle "IM"]
[BlackTitle "IM"]
[WhiteElo "2298"]
[BlackElo "2394"]
[WhiteTeam "IPCA"]
[BlackTeam "Portugal"]
[WhiteFideId "13503391"]
[BlackFideId "1917617"]
[EventDate "2020.07.07"]
[EventType "team"]

1. d4 Nf6 2. c4 g6 3. Nc3 d5 4. cxd5 Nxd5 5. Na4 e5 6. dxe5 Bb4+ 7. Bd2 Ne3 8.
fxe3 Bxd2+ 9. Qxd2 Qh4+ 10. g3 Qxa4 11. Bg2 Nc6 12. Nf3 O-O 13. O-O Bg4 14. Qc3
Rad8 15. h3 Bf5 16. Rf2 Be4 17. b3 Qb4 18. Rc1 Rd1+ 19. Rf1 Rxf1+ 20. Kxf1 Qa3
21. Rd1 Qe7 22. Kf2 Rd8 23. Rxd8+ Qxd8 24. b4 Qd5 25. a4 a6 26. Qb2 h6 27. b5
axb5 28. axb5 Na5 29. Qd4 Nc4 30. e6 fxe6 31. Qf6 Nd6 32. Qd8+ Kg7 33. Qxc7+ Nf7
34. b6 g5 35. Qe7 Qd6 36. Qc7 Qxc7 37. bxc7 Nd6 38. Ne5 Bxg2 39. Kxg2 b5 40. Kf1
Nc8 41. e4 h5 42. g4 hxg4 43. hxg4 Kf6 44. Nf3 e5 45. Ke1 Ke6 46. Nxg5+ Kd6 47.
Nf3 Kxc7 48. Nxe5 Nd6 49. Kd2 Nxe4+ 50. Ke3 Nd6 51. Kd4 b4 52. Nd3 b3 53. e4 Nf7
54. Kd5 Kd7 55. Nc5+ Ke7 56. Nxb3 Kf6 57. Nd2 Nh6 58. e5+ Kg6 59. Ne4 Nxg4 60.
e6 Kg7 61. Kd6 Kf8 62. e7+ Kf7 63. Ng5+ Ke8 64. Ke6 Nf2 65. Nh7 Ne4 66. Nf6+ 1-0

[Event "Online Olym Div3 B 2020"]
[Site "chess.com INT"]
[Date "2020.07.08"]
[Round "4.5"]
[Board "2"]
[White "Martins, David Pires Tavares"]
[Black "Obodchuk, Andrei"]
[Result "1-0"]
[WhiteTitle "IM"]
[BlackTitle "IM"]
[WhiteElo "2398"]
[BlackElo "2299"]
[WhiteTeam "Portugal"]
[BlackTeam "IPCA"]
[WhiteFideId "1909991"]
[BlackFideId "4114310"]
[EventDate "2020.07.07"]
[EventType "team"]

1. Nf3 d5 2. g3 c6 3. Bg2 Bg4 4. c4 e6 5. O-O Nd7 6. b3 Ngf6 7. Bb2 Bd6 8. h3
Bxf3 9. Bxf3 O-O 10. d4 Ne4 11. Bxe4 dxe4 12. d5 exd5 13. cxd5 c5 14. Nc3 f5 15.
Nb5 Qb6 16. Nxd6 Qxd6 17. Qc2 f4 18. Qxe4 fxg3 19. Qg4 Nf6 20. Qxg3 Qxg3+ 21.
fxg3 Nxd5 22. Rfd1 Rad8 23. Rac1 b6 24. Rd3 Nb4 25. Rxd8 Rxd8 26. a3 Nc6 27. Bc3
a5 28. Kf2 Kf7 29. Ke3 Nd4 30. Bxd4 Rxd4 31. Rc4 Rd1 32. b4 cxb4 33. axb4 Rd7
34. Rc6 Re7+ 35. Kf2 Ra7 36. Rxb6 a4 37. Rc6 a3 38. Rc1 a2 39. Ra1 Ke6 40. Ke3
Kd5 41. Kd3 Ra3+ 42. Kc2 Kc4 43. Kb2 Kxb4 44. Rxa2 Rxa2+ 45. Kxa2 Kc3 46. Kb1
Kd4 47. Kc2 Ke3 48. Kd1 h5 49. h4 Ke4 50. Ke1 Ke3 51. Kf1 Ke4 52. Kf2 g5 53.
hxg5 Kf5 54. Kf3 Kxg5 55. e4 Kg6 56. Kf4 Kf6 57. e5+ Ke6 58. Ke4 Ke7 59. Kf5 Kf7
60. Kg5 Ke6 61. Kxh5 Kxe5 62. Kg6 Ke6 63. g4 Ke7 64. Kg7 Ke6 65. g5 1-0

[Event "Online Olym Div3 B 2020"]
[Site "chess.com INT"]
[Date "2020.07.08"]
[Round "4.5"]
[Board "3"]
[White "Aleksandrova, Aleksandra"]
[Black "Jorge, Rita Maria Osorio"]
[Result "1/2-1/2"]
[WhiteTitle "WFM"]
[BlackTitle "WFM"]
[WhiteElo "1791"]
[BlackElo "1983"]
[WhiteTeam "IPCA"]
[BlackTeam "Portugal"]
[WhiteFideId "4144198"]
[BlackFideId "1923161"]
[EventDate "2020.07.07"]
[EventType "team"]

1. d4 Nf6 2. Nf3 e6 3. Nbd2 d5 4. c3 Be7 5. Qc2 O-O 6. Ne5 Nbd7 7. h3 c5 8. e3
Nxe5 9. dxe5 Nd7 10. Nf3 Qc7 11. Bd3 g6 12. h4 Nxe5 13. h5 Nxd3+ 14. Qxd3 Bf6
15. e4 dxe4 16. Qxe4 Bd7 17. hxg6 fxg6 18. Bf4 Qxf4 19. Qxf4 Bxc3+ 20. bxc3 Rxf4
21. O-O-O Bc6 22. Ng5 Bd5 23. f3 Rf5 24. Nxh7 Kg7 25. c4 Bc6 26. Rd6 Re5 27. f4
Rf5 28. Ng5 e5 29. Rh7+ Kf8 30. Rxg6 Re8 31. Ne6+ Rxe6 32. Rxe6 exf4 33. Ree7
Kg8 34. Rc7 f3 35. gxf3 Rxf3 36. Rhg7+ Kh8 37. Rg4 Rf1+ 38. Kb2 Rf2+ 39. Kb3
Rf3+ 40. Kc2 Rf2+ 41. Kc3 Rf3+ 42. Kd2 Rf2+ 43. Ke3 Rf3+ 44. Ke2 Rf5 45. Rh4+
Kg8 46. Rc8+ Kf7 47. Rhh8 Ke6 48. Rh6+ Ke5 49. Rd8 Bf3+ 50. Ke3 Bc6 51. Ra8 a6
52. Rd8 Rf3+ 53. Ke2 Rf5 54. Rh3 Rg5 55. Re3+ Kf6 56. Rd6+ Kf7 57. Rde6 Rg2+ 58.
Kd3 Rxa2 59. R6e5 Ra3+ 60. Kd2 Ra4 61. Rxc5 Ra2+ 62. Kc3 Ra3+ 63. Kd4 Rxe3 64.
Kxe3 Ke6 65. Kd4 Kd6 66. Rh5 b6 67. Rh6+ Kc7 68. Ke5 a5 69. Rh7+ Bd7 70. Kd5 a4
71. c5 bxc5 72. Kxc5 Kc8 73. Kb4 Be8 74. Rh8 Kd8 75. Rxe8+ Kxe8 76. Kxa4 1/2-1/2

[Event "Online Olym Div3 B 2020"]
[Site "chess.com INT"]
[Date "2020.07.08"]
[Round "4.5"]
[Board "4"]
[White "Pintor, Ariana"]
[Black "Jennitha, Anto K."]
[Result "0-1"]
[WhiteTitle "WFM"]
[BlackTitle "WIM"]
[WhiteElo "1903"]
[BlackElo "2001"]
[WhiteTeam "Portugal"]
[BlackTeam "IPCA"]
[WhiteFideId "1902806"]
[BlackFideId "5018218"]
[EventDate "2020.07.07"]
[EventType "team"]

1. e4 c5 2. Nf3 d6 3. d4 cxd4 4. Nxd4 Nf6 5. Nc3 a6 6. g3 e5 7. Nde2 Be7 8. Bg2
O-O 9. O-O b5 10. a3 Bb7 11. h3 Nbd7 12. g4 Nc5 13. Ng3 Ne6 14. g5 Nd7 15. h4
Nb6 16. Nf5 g6 17. Ne3 Nf4 18. Bh1 h6 19. gxh6 Bxh4 20. Ng4 Bg5 21. Bf3 Bc8 22.
Ne2 Bxg4 23. Bxg4 Bxh6 24. Nxf4 Bxf4 25. Bxf4 exf4 26. Qf3 Qf6 27. c3 Nc4 28.
Qe2 Ne5 29. Kg2 f3+ 30. Bxf3 Qg5+ 31. Kh1 Kg7 32. Bg2 Rh8+ 33. Kg1 Qf4 34. f3
Rh2 35. Rad1 Nc4 36. Rd3 Rah8 0-1

[Event "Online Olym Div3 B 2020"]
[Site "chess.com INT"]
[Date "2020.07.08"]
[Round "4.5"]
[Board "5"]
[White "Petrov, Maksim"]
[Black "Veiga, Jose Francisco R P Neves"]
[Result "0-1"]
[BlackTitle "FM"]
[WhiteElo "1642"]
[BlackElo "2322"]
[WhiteTeam "IPCA"]
[BlackTeam "Portugal"]
[WhiteFideId "24216836"]
[BlackFideId "1930087"]
[EventDate "2020.07.07"]
[EventType "team"]

1. d4 Nf6 2. c4 g6 3. f3 Bg7 4. e4 d6 5. Nc3 O-O 6. Bg5 c5 7. d5 e6 8. Qd2 exd5
9. cxd5 a6 10. a4 Nbd7 11. Nh3 Qa5 12. Ra3 Ne5 13. Nf2 Nh5 14. Be2 f6 15. Be3 f5
16. Bg5 Qc7 17. exf5 gxf5 18. Bh6 Rf6 19. Bxg7 Qxg7 20. f4 Ng4 21. h3 Nxf2 22.
Kxf2 Qg3+ 23. Kg1 Nxf4 24. Bf3 Rg6 25. Ne2 Nxh3+ 26. Rxh3 Qxh3 27. Nf4 Qh6 28.
Qe3 Bd7 29. Nxg6 Qxe3+ 30. Rxe3 hxg6 31. Re7 Bxa4 32. Rxb7 Bb5 33. Re7 Re8 34.
Rc7 Kf8 35. g4 Re7 36. Rc8+ Kg7 37. gxf5 gxf5 38. Bg2 Kf6 39. Kf2 Re2+ 40. Kg3
Rxb2 41. Rf8+ Ke5 42. Rf7 Bd3 43. Re7+ Kd4 44. Re6 f4+ 45. Kf3 Bf5 0-1

[Event "Online Olym Div3 B 2020"]
[Site "chess.com INT"]
[Date "2020.07.08"]
[Round "4.5"]
[Board "6"]
[White "Pipiras, Filipa Fortuna"]
[Black "Dorozhkina, Mariya"]
[Result "1-0"]
[BlackTitle "WFM"]
[WhiteElo "1907"]
[BlackElo "1705"]
[WhiteTeam "Portugal"]
[BlackTeam "IPCA"]
[WhiteFideId "1944894"]
[BlackFideId "54132185"]
[EventDate "2020.07.07"]
[EventType "team"]

1. d4 Nf6 2. c4 g6 3. Nf3 d5 4. cxd5 Nxd5 5. e4 Nb6 6. Nc3 Bg7 7. h3 O-O 8. Be2
N6d7 9. O-O c5 10. d5 a6 11. a4 b6 12. Be3 Bb7 13. Qd2 Re8 14. Rad1 Ne5 15. Nxe5
Bxe5 16. f4 Bg7 17. e5 Nd7 18. Qc2 Qb8 19. Rfe1 Nxe5 20. fxe5 Bxe5 21. Bf3 Bg3
22. Bf2 Bh2+ 23. Kh1 Be5 24. Qe2 Bg7 25. Ne4 Rd8 26. Bg3 Qc8 27. d6 Bxe4 28.
Qxe4 Ra7 29. dxe7 Re8 30. Rd8 Rxe7 31. Rxe8+ Qxe8 32. Qxe7 Qxe7 33. Rxe7 Bxb2
34. Re8+ Kg7 35. Be5+ Bxe5 36. Rxe5 Kf6 37. Re8 c4 38. Rc8 b5 39. axb5 axb5 40.
Rc6+ Ke7 41. Rc5 1-0

[Event "Online Olym Div3 B 2020"]
[Site "chess.com INT"]
[Date "2020.07.08"]
[Round "5.1"]
[Board "1"]
[White "Sousa, Andre Ventura"]
[Black "Tate, Alan"]
[Result "1-0"]
[WhiteTitle "IM"]
[BlackTitle "FM"]
[WhiteElo "2394"]
[BlackElo "2342"]
[WhiteTeam "Portugal"]
[BlackTeam "Scotland"]
[WhiteFideId "1917617"]
[BlackFideId "2401878"]
[EventDate "2020.07.07"]
[EventType "team"]

1. e4 g6 2. d4 Bg7 3. Nf3 d6 4. Bc4 Nf6 5. Qe2 O-O 6. e5 dxe5 7. dxe5 Nd5 8. O-O
Bg4 9. Nbd2 Nb6 10. Bb3 Nc6 11. h3 Nd4 12. Qe4 Nxb3 13. Nxb3 Bxf3 14. Qxf3 Qd5
15. Qxd5 Nxd5 16. Re1 Nb4 17. Re2 Rfd8 18. Bg5 Rd5 19. Rae1 Nc6 20. f4 b6 21.
Re3 Rad8 22. Rc3 Rd1 23. Kf2 f6 24. Bh4 g5 25. Rxd1 Rxd1 26. Ke2 Rb1 27. Rxc6
gxh4 28. e6 f5 29. Rxc7 Bf6 30. Rxa7 Rxb2 31. Kd3 Rb1 32. Kc4 Re1 33. Kb5 Rxe6
34. Rd7 Kf7 35. a4 Re2 36. Rd2 Re4 37. c4 Rxf4 38. Rc2 Rf1 39. Rc1 Rf2 40. Rb1
Rxg2 41. Kxb6 f4 42. a5 f3 43. Rf1 f2 44. a6 Bg5 45. a7 Be3+ 46. c5 Rg8 47. Na5
Ke6 48. Nc6 Re8 49. Nb8 Kd5 50. a8=Q+ 1-0

[Event "Online Olym Div3 B 2020"]
[Site "chess.com INT"]
[Date "2020.07.08"]
[Round "5.1"]
[Board "2"]
[White "Gourlay, Iain"]
[Black "Martins, David Pires Tavares"]
[Result "0-1"]
[WhiteTitle "FM"]
[BlackTitle "IM"]
[WhiteElo "2342"]
[BlackElo "2398"]
[WhiteTeam "Scotland"]
[BlackTeam "Portugal"]
[WhiteFideId "2401533"]
[BlackFideId "1909991"]
[EventDate "2020.07.07"]
[EventType "team"]

1. c4 e6 2. g3 Nf6 3. Bg2 a6 4. Nf3 b5 5. b3 Bb7 6. O-O Be7 7. Bb2 c5 8. e3 Qb6
9. Nc3 O-O 10. Qe2 bxc4 11. bxc4 Nc6 12. Rab1 Rab8 13. Nd5 Qd8 14. Nxe7+ Qxe7
15. Ne5 Nd8 16. Ng4 Nxg4 17. Qxg4 f6 18. Bc3 Bxg2 19. Rxb8 Bxf1 20. Kxf1 Nc6 21.
Rb6 Qd6 22. Qe4 Ra8 23. d4 cxd4 24. exd4 Qc7 25. c5 Rb8 26. d5 Nd8 27. Qb4 Rc8
28. Rxa6 exd5 29. Bd4 Nc6 30. Rb6 Nxb4 0-1